Quizzes
Events
Quiz Creation
Community
Videos
Private Events
Remove Ads
Sign In
Join for FREE
Feedback
Dark Mode
Quiz Categories
Sports
Geography
Music
Movies
Television
Just For Fun
Miscellaneous
History
Literature
Language
Science
Gaming
Entertainment
Religion
Holiday
For Kids
Quiz Lab
Recent
Popular Today
Quiz Kudos Today
Editor Picks
Curator Picks
Quizzes by...
Day
Popularity
Type
Ratings
Length
Year
Community
Subscriptions
Recent Discussions
Orange Saloon
Badges
Playlists
Quests
Create
Leaderboards
Showdown
Live 5
Trivia Bingo
Activity
Puzzle Library
Sporcle Events
Private Events
Virtual Trivia
Globe League
Become a Host
Pub Owners
SporcleCon
Opinionation
Our Games
Videos
Blog
Mobile Apps
Partnerships
Remove Ads and Go Orange
Feedback
Sports
Athletes
MLB
NBA
NHL
NFL
Soccer
Sports Teams
WWE
NCAA
Football
Premier League
Basketball
Baseball
Hockey
Golf
Tennis
Cricket
Rugby
Auto Racing
Olympics
World Cup
Sports
Athletes
MLB
NBA
NHL
NFL
Soccer
Sports Teams
WWE
NCAA
Football
Premier League
Basketball
Baseball
Hockey
Golf
Tennis
Cricket
Rugby
Auto Racing
Olympics
World Cup
Random Quiz
Search Sporcle
×
Quiz Lab
Quiz Lab
Sports
Soccer
Type in answers that appear in a list
Type in answers that appear in a list
Classic
Best Score? Go Orange.
Barcelona Scorers 2010-2011 Stats
Can you name the Barcelona Scorers 2010-2011?
By
SporcleEXP
5m
171 Questions
1,072 Plays
1,072 Plays
1,072 Plays
Comments
Comments
Give Quiz Kudos
Give Quiz Kudos
-
- Ratings
hide this ad
Replay
Link that replays current quiz
Next Quiz
Link to next quiz in quiz playlist
You Got
0%
They Got
Avg Score
81%
Avg Friend Score
Upgrade to see
Score Distribution
Jump to the score distribution portion of the page
Score
0/171
Timer
05:00
0
Plays Today
Competition
Name
% Correct
Pre -
Season Friendly
Lionel Messi
99.6%
Pre -
Season Friendly
Lionel Messi
99.6%
Joan Gamper Trophy
Lionel Messi (Penalty Shootout)
99.6%
La Liga
Lionel Messi
99.6%
La Liga
Lionel Messi
99.6%
La Liga
Lionel Messi
99.6%
La Liga
Lionel Messi
99.6%
La Liga
Lionel Messi
99.6%
La Liga
Lionel Messi
99.6%
La Liga
Lionel Messi
99.6%
La Liga
Lionel Messi
99.6%
La Liga
Lionel Messi
99.6%
La Liga
Lionel Messi
99.6%
La Liga
Lionel Messi
99.6%
La Liga
Lionel Messi
99.6%
La Liga
Lionel Messi
99.6%
La Liga
Lionel Messi
99.6%
La Liga
Lionel Messi
99.6%
La Liga
Lionel Messi
99.6%
La Liga
Lionel Messi
99.6%
La Liga
Lionel Messi
99.6%
La Liga
Lionel Messi
99.6%
La Liga
Lionel Messi
99.6%
La Liga
Lionel Messi
99.6%
La Liga
Lionel Messi
99.6%
La Liga
Lionel Messi
99.6%
La Liga
Lionel Messi
99.6%
La Liga
Lionel Messi
99.6%
La Liga
Lionel Messi
99.6%
UEFA Champions League
Lionel Messi
99.6%
UEFA Champions League
Lionel Messi
99.6%
UEFA Champions League
Lionel Messi
99.6%
UEFA Champions League
Lionel Messi
99.6%
UEFA Champions League
Lionel Messi
99.6%
UEFA Champions League
Lionel Messi
99.6%
Copa del Rey
Lionel Messi
99.6%
Copa del Rey
Lionel Messi
99.6%
Copa del Rey
Lionel Messi
99.6%
Copa del Rey
Lionel Messi
99.6%
Copa del Rey
Lionel Messi
99.6%
Copa del Rey
Lionel Messi
99.6%
Copa del Rey
Lionel Messi
99.6%
Supercopa de España
Lionel Messi
99.6%
Supercopa de España
Lionel Messi
99.6%
Supercopa de España
Lionel Messi
99.6%
La Liga
Andres Iniesta
96.8%
La Liga
Andres Iniesta
96.8%
La Liga
Andres Iniesta
96.8%
La Liga
Andres Iniesta
96.8%
La Liga
Andres Iniesta
96.8%
La Liga
Andres Iniesta
96.8%
La Liga
Andres Iniesta
96.8%
La Liga
Xavi
96.7%
La Liga
Xavi
96.7%
La Liga
Xavi
96.7%
UEFA Champions League
Lionel Messi
96.4%
UEFA Champions League
Lionel Messi
96.4%
Competition
Name
% Correct
Joan Gamper Trophy
David Villa
95.5%
La Liga
David Villa
95.5%
La Liga
David Villa
95.5%
La Liga
David Villa
95.5%
La Liga
David Villa
95.5%
La Liga
David Villa
95.5%
La Liga
David Villa
95.5%
La Liga
David Villa
95.5%
La Liga
David Villa
95.5%
La Liga
David Villa
95.5%
La Liga
David Villa
95.5%
La Liga
David Villa
95.5%
La Liga
David Villa
95.5%
La Liga
David Villa
95.5%
La Liga
David Villa
95.5%
La Liga
David Villa
95.5%
La Liga
David Villa
95.5%
La Liga
David Villa
95.5%
La Liga
David Villa
95.5%
UEFA Champions League
David Villa
95.5%
UEFA Champions League
David Villa
95.5%
UEFA Champions League
David Villa
95.5%
Copa del Rey
David Villa
95.5%
UEFA Champions League
Xavi
93.6%
La Liga
Lionel Messi
93.6%
La Liga
Lionel Messi
93.6%
La Liga
Gerard Pique
93.5%
La Liga
Pedro
93.5%
La Liga
Pedro
93.5%
La Liga
Pedro
93.5%
La Liga
Pedro
93.5%
La Liga
Pedro
93.5%
La Liga
Pedro
93.5%
La Liga
Pedro
93.5%
La Liga
Pedro
93.5%
La Liga
Pedro
93.5%
La Liga
Pedro
93.5%
La Liga
Pedro
93.5%
La Liga
Pedro
93.5%
La Liga
Pedro
93.5%
UEFA Champions League
Pedro
93.5%
UEFA Champions League
Pedro
93.5%
UEFA Champions League
Pedro
93.5%
Copa del Rey
Pedro
93.5%
Copa del Rey
Pedro
93.5%
Copa del Rey
Pedro
93.5%
Copa del Rey
Pedro
93.5%
UEFA Champions League
Lionel Messi
93.4%
La Liga
Carles Puyol
93.1%
La Liga
Lionel Messi
92.2%
La Liga
Lionel Messi
91.4%
UEFA Champions League
Andres Iniesta
91.3%
UEFA Champions League
Xavi
91%
UEFA Champions League
Lionel Messi
90.8%
UEFA Champions League
Lionel Messi
90.8%
La Liga
Dani Alves
90.4%
UEFA Champions League
Dani Alves
90.4%
Competition
Name
% Correct
UEFA Champions League
Lionel Messi
88.6%
La Liga
Gerard Pique
88.3%
UEFA Champions League
Gerard Pique
88.2%
La Liga
Andres Iniesta
87.8%
La Liga
David Villa
87.6%
La Liga
Dani Alves
86.8%
UEFA Champions League
Dani Alves
85.2%
UEFA Champions League
Pedro
85.2%
La Liga
Gerard Pique
85.2%
UEFA Champions League
David Villa
84.8%
UEFA Champions League
Pedro
83.4%
La Liga
Sergio Busquets
82.9%
Copa del Rey
Eric Abidal
79%
Joan Gamper Trophy
Bojan (Penalty Shootout)
68.9%
La Liga
Bojan
68.9%
La Liga
Bojan
68.9%
La Liga
Bojan
68.9%
Copa del Rey
Bojan
68.9%
La Liga
Bojan
66.6%
La Liga
Bojan
65.9%
Pre -
Season Friendly
Seydou Keita
64.6%
La Liga
Seydou Keita
64.6%
Copa del Rey
Seydou Keita
64.6%
Copa del Rey
Seydou Keita
64.6%
La Liga
Seydou Keita
63.4%
UEFA Champions League
Seydou Keita
60.7%
La Liga
Bojan
60.6%
La Liga
Seydou Keita
57.5%
Joan Gamper Trophy
Thiago Alcantara (Penalty Shootout)
54.8%
Copa del Rey
Thiago Alcantara
54.8%
Pre -
Season Friendly
Zlatan Ibrahimovic
52.4%
Pre -
Season Friendly
Zlatan Ibrahimovic
52.4%
Supercopa de España
Zlatan Ibrahimovic
52.4%
La Liga
Thiago Alcantara
50.6%
Copa del Rey
Adriano
50.4%
La Liga
Thiago Alcantara
50.1%
Pre -
Season Friendly
Maxwell
49%
Copa del Rey
Maxwell
49%
La Liga
Jeffren
45.7%
Pre -
Season Friendly
Victor Sanchez
34.3%
Pre -
Season Friendly
Victor Sanchez
34.3%
Copa del Rey
Ibrahim Afellay
33.8%
Copa del Rey
Gabriel Milito
32.6%
La Liga
Ibrahim Afellay
31.3%
UEFA Champions League
Andreu Fontas
20.9%
Pre -
Season Friendly
Sergi Roberto
20.1%
Copa Catalunya
Marc Bartra
19.3%
La Liga
Marc Bartra
18.2%
Pre -
Season Friendly
Nolito
12.4%
Copa del Rey
Nolito
12.4%
La Liga
Santiago Acasiete (OG)
10.4%
Pre -
Season Friendly
Jonathan Soriano
9.1%
Copa Catalunya
Jonathan Soriano
9.1%
UEFA Champions League
Victor Vazquez
8.6%
Copa Catalunya
Jonathan
6.3%
Pre -
Season Friendly
Benja
2.4%
Supercopa de España
Abdoulay Konko
2.2%
Quiz Playlist
Details
Report
Send in Message
Add To Playlist
Classic:
Type in answers that appear in a list
Last Updated: Jan 9, 2019
Quiz Scoreboard
CHALLENGE
Sign Up to Join the Scoreboard
Show All
Scores
Hide
Comments
May contain spoilers
Recently Published
Billboard Blitz: Fleetwood Mac
by CooCooCachoo
Music
15s
Presidents Visiting Landmarks
by Hejman
History
7m
An Introduction to Baseball
by treessimontrees
Sports
5m
More to Explore
Quiz From the Vault
Featured Blog Post
Where Did the Easter Bunny Come From?
hide this ad
You Might Also Like...
Tags
Soccer Quiz
Barcelona
La Liga
Spain
UEFA Champions' League
Today's Top Quizzes in Sports
Browse Sports
hide this ad
Today's Top Quizzes in Soccer
Browse Soccer
Top Contributed Quizzes in Sports
1
Les meilleurs buteurs des matchs entre le PSG et l’OM
2
2022 World Cup Stars
3
FIFA Club World Cup Champions
4
Les entraîneurs de l'OM et du PSG au 21e siècle
5
Criteria MLB: Left Handed Sluggers
6
Name the Premier League winners with different clubs
7
5-to-1: UK Sports Teams
8
AFC Teams Reveal (Wrong Answers Minefield)
9
Players with Multiple 50 Home Run Seasons
10
5-to-1: FBS Animal Nicknames
Explore More
Trending Topics
Kpop
Marvel
NBA
Harry Potter
Disney
Anime
Crossword
Soccer
Pokémon
Country
NFL
The Office
WWE
Puzzle
Song
hide this ad
More By:
SporcleEXP
Quiz
Plays
Rating
Category
Featured
Created
Harry Potter Deaths in Order Minefield
3,068,273
4.18
Literature
Jan 27, 2016
Sins, Dwarfs, and Spice Girls
847,270
4.42
Just For Fun
Apr 11, 2012
Ancient History Bunker
708,113
4.28
History
Jan 20, 2014
Movie Posters VI
679,005
4.37
Movies
Nov 12, 2010
Movie Posters VII
621,834
4.44
Movies
Apr 16, 2011
Go to Creator's Profile
Score Distribution
Quiz Creator Spotlight
SporcleEXP
Follow
Send a Message
Quizzes Created
-
Created Quiz Play Count
-
More By This Creator
Popular Quizzes Today
1
Find the US States - No Outlines Minefield
2
Find the Countries of Europe - No Outlines Minefield
3
The Countries of the World
4
Find the US States
5
US States
6
Risky Map Clicking: Biggest States A-Z
7
Popular People in 1961
8
Movies - When Are They Set?
More Sports Quizzes
1986 NBA Draft - 1st Round
Quiz Lab
Trending Quizzes
Risky Map Clicking: Least Populous States A-Z
1-10 Letter G Words
1-10 Letter F Words
Risky Map Clicking: Next State Alphabetically
Risky Map Clicking: Biggest States A-Z
Recently Updated
Leaping Animals
pecheneg
Reality TV Shows (A-Z)
bhenderson79
Rickey Henderson's Hall of Fame Teammates
pecheneg
Champions League XIs: Arsenal
pecheneg
Quick Pick: Celebrities in WWE's Hall of Fame
aduchscher
A-Z Keypad Blitz II
pecheneg
Multiple Oscar Actors
pecheneg
Mystery Phrase Blitz: Oscar 'Best Actors'
pecheneg
F. Scott Fitzgerald Novels
LTH
Pick 3 Villains
ddd62291
Trending Topics
Marvel
Kpop
Harry Potter
NBA
Disney
Anime
Crossword
Soccer
Country
The Office
Song
NFL
Puzzle
WWE
Pokémon
Your Account Isn't Verified!
In order to create a playlist on Sporcle, you need to verify the email address you used during registration. Go to your
Sporcle Settings
to finish the process.
Report this User
Report this user for behavior that violates our
Community Guidelines
.
Details:
Send Report
Go to the Sporcle.com Mobile Site →
Comments